Sports Quiz

Random Sports or World Cup Quiz

Costa Rica 2014 World Cup squad Quiz Stats

 Plays Quiz not verified by Sporcle

Challenge
Share
Tweet
Embed
Score 0/24 Timer 05:00
0 Plays Today
Position Player % Correct
FWBryan Ruiz
91.4%
FWJoel Campbell
90.7%
GKKeylor Navas
80.7%
MFChristian Bolaños
59.5%
DFJúnior Díaz
55.1%
DFÓscar Duarte
52.2%
DFGiancarlo González
50.2%
DFMichael Umaña
48.5%
MFCelso Borges
48.2%
DFCristian Gamboa
45.5%
Head coachJorge Luiz Pinto
44.5%
FWMarco Ureña
44.5%
Position Player % Correct
MFYeltsin Tejeda
41.9%
DFRoy Miller
39.9%
DFJohnny Acosta
32.9%
GKPatrick Pemberton
31.6%
FWRandall Brenes
28.6%
MFMichael Barrantes
27.6%
MFDiego Calvo
23.3%
DFDavid Myrie
22.3%
DFWaylon Francis
21.6%
MFJosé Miguel Cubero
21.3%
GKDaniel Cambronero
19.3%
MFEsteban Granados
19.3%

You're not logged in!

Compare scores with friends on all Sporcle quizzes.
Join for Free
OR
Log In

You Might Also Like...

Show Comments

Extras

Top Quizzes Today


Score Distribution

Your Account Isn't Verified!

In order to create a playlist on Sporcle, you need to verify the email address you used during registration. Go to your Sporcle Settings to finish the process.

Report this User

Report this user for behavior that violates our Community Guidelines.

Details: